000
00198 a2200097 4500
001
26438
100
_a
Morgan
245
_a
The Elements of Stucture
260
_a
_b
Pitman
_c
090
_c
17774
_d
17774
942
_a
NUST-CAE
_c
M
_c
8640
999
_c
261511
_d
261511